01822cam a22004814i 4500003000900000005001700009008004100026020001500067035002700082040003300109049000900142082002100151100003200172245011200204264003600316300003800352336002100390337002500411338002300436505009900459526001000558526001000568526001000578526001000588526000800598526000800606526000800614526000800622526000800630526000800638526000800646650005300654650005200707700003300759910001800792942001400810949012800824994001400952596000600966999015700972980005501129952015601184PE-LiUPU20250731173525.0150616s r 000 0 d a0801038758 a(Sirsi) i9780801038754 aPE-LiUPUbspacPE-LiUPUerda aPRUA04a280.042bG342211 aGeisler, Norman L.,eautor.10aRoman Catholics and Evangelicals :bagreements and differences /cNorman L. Geisler and Ralph E. MacKenzie. 1aMichigan :bBaker Books,c1995. a538 páginas ;c23 centímetros atext2rdacontent aunmediated2rdamedia avolume2rdacarrier0 aAreas of doctrinal agreement.- Areas of doctrinal diferences.- Areas of practical cooperation. aSEG42 aSEG41 aSEG40 aSEG39 aP94 aP87 aP86 aP85 aP77 aP76 aP3504aEvangelicalismoxRelacionesxIglesia católica.04aIglesia CatólicaxRelationsxEvangelicalismo.1 aMacKenzie, Ralph E ,eautor. ajckbjvqcjck 2ddccBOOK a280.042 G34wDEWEYc1i42197lCCODEBUL1mBULr0sYtBOOKu2015-6-16xTEOLOGIAzUNKNOWN0COMPRAo.STAFF. Colección General aC0bPEPRU a1 a280.042 G34wDEWEYc59889i42197d59889f2021-11-11g5lCCODEBUL1mBULq1r0sYtBOOKu2015-6-16xTEOLOGIAzUNKNOWN0COMPRAo.STAFF. Colección General 81gALBERTO SANCHEZ Responsable de Automatización r2025-12-02 00:00:00i6l0o280.042 G34p42197te1w2015-06-16xPGyBKzinventario-2023-12-13102ddc50708GENfP85aBULbBULcGENd2015-06-16eCOMPRA